[Event "Open Master"]
[Site "Montpellier"]
[Date "1999.??.??"]
[Round "1"]
[White "AbdulRahim, M."]
[Black "Beikert, Guenther"]
[Result "0-1"]
[WhiteElo "2140"]
[BlackElo "2440"]
[PlyCount "146"]
[EventDate "1999.07.??"]

1. e4 c5 2. c3 d5 3. exd5 Qxd5 4. d4 Nc6 5. dxc5 Qxd1+ 6. Kxd1 a5 7. Bb5 Bd7 8.
Nf3 Nf6 9. Ke2 e6 10. Be3 Nd5 11. Rd1 Nxe3 12. Kxe3 Bxc5+ 13. Ke2 O-O-O 14.
Nbd2 Kc7 15. Ne4 Be7 16. Rd2 Bc8 17. Rad1 Rxd2+ 18. Rxd2 Rf8 19. Rd1 f6 20.
Ned2 Rd8 21. Nb3 Rxd1 22. Kxd1 b6 23. Bd3 g6 24. Nbd4 Bc5 25. Nxc6 Kxc6 26. Ke2
e5 27. Nd2 f5 28. Bc4 Kd6 29. Bg8 Ke7 30. Bc4 Bb7 31. f3 Bg1 32. h4 Bh2 33. Nf1
Bf4 34. Ne3 h5 35. Kf2 Bh6 36. Nd5+ Kd6 37. Ne3 f4 38. Nf1 e4 39. fxe4 Bxe4 40.
Nd2 Bf5 41. Nb3 Ke5 42. Nd4 Be4 43. Bb5 Bf8 44. Nf3+ Kf6 45. a3 Bc5+ 46. Ke2
Be3 47. b4 Bc1 48. bxa5 bxa5 49. a4 Ba3 50. Bd7 Be7 51. Kf2 Kg7 52. Ke2 Bf6 53.
c4 Kf8 54. Kf2 Ke7 55. Bb5 Kd6 56. g3 fxg3+ 57. Kxg3 Kc5 58. Kf4 Bd3 59. Ne5
Bxe5+ 60. Kxe5 Bxc4 61. Be8 Bd3 62. Kf6 Kb4 63. Bxg6 Bxg6 64. Kxg6 Kxa4 65.
Kxh5 Kb4 66. Kg6 a4 67. h5 a3 68. h6 a2 69. Kg7 a1=Q+ 70. Kg8 Qa8+ 71. Kg7 Qb7+
72. Kg8 Qd5+ 73. Kg7 Qg5+ 0-1

[Event "Open Master"]
[Site "Montpellier"]
[Date "1999.??.??"]
[Round "1"]
[White "Bellaiche, Anthony"]
[Black "Taleb, Moussa"]
[Result "1-0"]
[WhiteElo "2101"]
[BlackElo "2304"]
[PlyCount "79"]
[EventDate "1999.07.??"]

1. d4 Nf6 2. c4 e6 3. Nc3 Bb4 4. Qc2 O-O 5. Nf3 d6 6. e3 Nc6 7. a3 Bxc3+ 8.
Qxc3 Qe7 9. b4 e5 10. dxe5 Nxe5 11. Nxe5 dxe5 12. Bb2 Re8 13. Bd3 c5 14. b5 b6
15. O-O Bb7 16. Rae1 Rad8 17. f4 exf4 18. Rxf4 Rd6 19. Bc2 Re6 20. Rg4 {}
20... Be4 21. Bxe4 Rxe4 22. Rg3 Qe6 23. Qxf6 Qxf6 24. Bxf6 g6 25. Rc1 R8e6 26.
Rf3 Rd6 27. Rc2 Ree6 28. Bb2 f5 29. Kf2 Rd1 30. Ke2 Rg1 31. g3 Re4 32. Rf2 h5
33. Kd3 Rd1+ 34. Rfd2 Re1 35. Re2 Rd1+ 36. Rcd2 Rb1 37. Kc2 Rh1 38. Kb3 h4 39.
gxh4 Kh7 40. Rd8 1-0

[Event "Open Master"]
[Site "Montpellier"]
[Date "1999.??.??"]
[Round "1"]
[White "Degraeve, Jean-Marc"]
[Black "David, Vincent"]
[Result "1-0"]
[WhiteElo "2536"]
[BlackElo "2176"]
[PlyCount "73"]
[EventDate "1999.07.??"]

1. e4 c5 2. Nf3 Nc6 3. Bb5 d6 4. O-O Bd7 5. Re1 a6 6. Bxc6 Bxc6 7. d4 cxd4 8.
Nxd4 Nf6 9. Nxc6 bxc6 10. c4 e5 11. Bg5 Be7 12. Bxf6 Bxf6 13. Re3 O-O 14. Rd3
Qb6 15. b3 Be7 16. Nc3 Rad8 17. Qe2 f5 18. exf5 Rxf5 19. Qe3 Qa5 20. Qe4 Rdf8
21. f3 Qc5+ 22. Kf1 Rf4 23. Qe3 Qxe3 24. Rxe3 Rd4 25. Ke2 Bf6 26. Ne4 Kf7 27.
g3 a5 28. Rf1 Ra8 29. f4 exf4 30. Rxf4 a4 31. b4 a3 32. h4 h6 33. b5 Ra4 34.
bxc6 Ra6 35. g4 Kg6 36. h5+ Kf7 37. g5 1-0

[Event "Open Master"]
[Site "Montpellier"]
[Date "1999.??.??"]
[Round "1"]
[White "Fargere, Francois"]
[Black "Rainfray, Arnaud"]
[Result "1/2-1/2"]
[WhiteElo "2109"]
[BlackElo "2322"]
[PlyCount "98"]
[EventDate "1999.07.??"]

1. e4 c5 2. c3 Nf6 3. e5 Nd5 4. d4 cxd4 5. Nf3 e6 6. cxd4 d6 7. Nc3 Nxc3 8.
bxc3 Qc7 9. Bd2 Nd7 10. exd6 Bxd6 11. Bd3 b6 12. O-O Bb7 13. h3 O-O 14. c4 Nf6
15. Qe2 h6 16. Rac1 Rac8 17. Bc3 Nh5 18. Bd2 Bf4 19. Ne5 Bxd2 20. Qxd2 Rfd8 21.
Qe3 Nf6 22. Rfd1 Qe7 23. Bb1 Rc7 24. f3 Rdc8 25. Bd3 Kf8 26. Bg6 Qd6 27. c5 Qd8
28. Qa3 Kg8 29. Bxf7+ Rxf7 30. Nxf7 Kxf7 31. Qxa7 Qd7 32. Qxb6 Nd5 33. Qb3 Bc6
34. Re1 Qe7 35. Re5 Qh4 36. Re4 Qg5 37. Rce1 Re8 38. f4 Qd8 39. f5 exf5 40.
Rxe8 Bxe8 41. Qb7+ Kf8 42. Re5 Bf7 43. c6 Nc7 44. Qb4+ Kg8 45. a4 Qg5 46. Qb8+
Kh7 47. Qxc7 Qc1+ 48. Kf2 Qf4+ 49. Kg1 Qc1+ 1/2-1/2

[Event "Open Master"]
[Site "Montpellier"]
[Date "1999.??.??"]
[Round "1"]
[White "Flear, Glenn"]
[Black "Kovarcik, Guillaume"]
[Result "1-0"]
[WhiteElo "2484"]
[BlackElo "2165"]
[PlyCount "101"]
[EventDate "1999.07.??"]

1. d4 d5 2. c4 c6 3. Nc3 dxc4 4. e4 b5 5. a4 b4 6. Na2 Nf6 7. e5 Nd5 8. Bxc4 a5
9. Nf3 e6 10. O-O Ba6 11. Bg5 Qb6 12. Qd3 Bxc4 13. Qxc4 c5 14. Nc1 h6 15. Bd2
Nd7 16. Nb3 cxd4 17. Rac1 Be7 18. Rfe1 O-O 19. Nfxd4 Qb7 20. Nc6 Bd8 21. h3 Kh8
22. Re4 Rc8 23. Qb5 Qxb5 24. axb5 Ra8 25. Ra1 Bb6 26. Ncxa5 Nc5 27. Nxc5 Bxc5
28. Rc4 Be7 29. Rcc1 Rfb8 30. Nc6 Rxa1 31. Rxa1 Rxb5 32. Ra7 Bc5 33. Rxf7 Rb6
34. Na5 Bd4 35. Nc4 Rc6 36. b3 Bc3 37. Kf1 Ra6 38. Ke2 Ra2 39. Kd3 Bxd2 40.
Nxd2 Kg8 41. Rf3 Rb2 42. h4 h5 43. g3 g6 44. Ke2 Nc3+ 45. Ke1 Ra2 46. Nc4 Nd5
47. Rd3 Kg7 48. Ne3 Nxe3 49. Rxe3 Rb2 50. Rf3 Kg8 51. Rf6 1-0

[Event "Open Master"]
[Site "Montpellier"]
[Date "1999.??.??"]
[Round "1"]
[White "Guerin, Gilles"]
[Black "Magerramov, Elmar"]
[Result "0-1"]
[WhiteElo "2180"]
[BlackElo "2563"]
[PlyCount "88"]
[EventDate "1999.07.??"]

1. e4 c5 2. Nf3 d6 3. d4 cxd4 4. Nxd4 Nf6 5. Nc3 a6 6. Bg5 e6 7. f4 Qb6 8. Qd2
Qxb2 9. Nb3 Qa3 10. Bxf6 gxf6 11. Be2 Nc6 12. Bh5 Bg7 13. O-O O-O 14. Rad1 Qb4
15. Rf3 f5 16. exf5 exf5 17. Rg3 Be6 18. a3 Qxa3 19. Nd5 Qb2 20. Ne3 Kh8 21.
Qd3 Nb4 22. Qxd6 Nxc2 23. Nc5 Bd4 24. Na4 Qb4 25. Qxb4 Bxe3+ 26. Rxe3 Nxb4 27.
Nc5 Nd5 28. Re5 Nxf4 29. Bf3 Rad8 30. Rxd8 Rxd8 31. Bxb7 a5 32. Bf3 Rb8 33. Nb7
a4 34. Ra5 Bb3 35. Nc5 Rb4 36. Bc6 Ne2+ 37. Kf2 Nc3 38. Ke3 Kg7 39. g3 Nd1+ 40.
Kf3 Nb2 41. Ra7 Kf6 42. Ra5 Ke7 43. Rb5 Rxb5 44. Bxb5 Bd5+ 0-1

[Event "Open Master"]
[Site "Montpellier"]
[Date "1999.??.??"]
[Round "1"]
[White "Handke, Harald"]
[Black "Bauer, Christian"]
[Result "0-1"]
[WhiteElo "2173"]
[BlackElo "2526"]
[PlyCount "52"]
[EventDate "1999.07.??"]

1. d4 Nc6 2. Nf3 d5 3. h3 Bf5 4. Bf4 e6 5. e3 Bd6 6. Bxd6 cxd6 7. Bd3 Bg6 8.
O-O Nf6 9. Bxg6 hxg6 10. Nbd2 O-O 11. c3 b5 12. Qe2 Qb6 13. e4 b4 14. e5 dxe5
15. Nxe5 Nxe5 16. dxe5 Nh5 17. Kh2 bxc3 18. bxc3 Rac8 19. Rac1 Qb2 20. g4 Nf4
21. Qe3 g5 22. Nf3 f6 23. h4 Rc4 24. Nd4 Qb8 25. Rfe1 fxe5 26. Nf3 e4 0-1

[Event "Open Master"]
[Site "Montpellier"]
[Date "1999.??.??"]
[Round "1"]
[White "Hamdouchi, Hichem"]
[Black "Kovarcik, Thomas"]
[Result "1-0"]
[WhiteElo "2564"]
[BlackElo "2181"]
[PlyCount "111"]
[EventDate "1999.07.??"]

1. e4 d5 2. exd5 Qxd5 3. Nc3 Qa5 4. d4 c6 5. Nf3 Bf5 6. Bc4 Nf6 7. Bd2 e6 8.
Qe2 Bb4 9. a3 Nbd7 10. O-O Bxc3 11. Bxc3 Qc7 12. Ne5 O-O 13. Nxd7 Qxd7 14. Rad1
Rfd8 15. Bb3 a5 16. a4 b5 17. f3 Nd5 18. Be1 Nf4 19. Qe5 Nd5 20. Rd2 h6 21. g4
Bh7 22. Bh4 Rdb8 23. Ra1 Nb6 24. axb5 a4 25. bxc6 Qxc6 26. Ba2 Qxf3 27. Re1 Nd7
28. Qd6 28... Be4 {} 29. Rxe4 Qxe4 30. d5 Ne5 31. dxe6 Nf3+ 32. Kf2 Nxh4 33.
exf7+ Kh8 34. Bd5 Qxg4 35. Bxa8 Qf5+ 36. Kg3 Rxa8 37. Qd8+ Rxd8 38. Rxd8+ Kh7
39. f8=Q Qg5+ 40. Kf2 Nf5 41. Qg8+ Kg6 42. Qe6+ Kh7 43. Qg8+ Kg6 44. Qe8+ Kh7
45. Ke2 Qg2+ 46. Kd3 Qh3+ 47. Ke4 Qg4+ 48. Ke5 Qe2+ 49. Kxf5 Qxc2+ 50. Qe4 g6+
51. Ke5 Qxb2+ 52. Ke6 Qb3+ 53. Kf6 Qb6+ 54. Kf7 Qb3+ 55. Qe6 Qf3+ 56. Ke8 1-0

[Event "Open Master"]
[Site "Montpellier"]
[Date "1999.??.??"]
[Round "1"]
[White "Peyrin, Jean"]
[Black "Laclau, Daniel"]
[Result "1/2-1/2"]
[WhiteElo "2091"]
[BlackElo "2292"]
[PlyCount "87"]
[EventDate "1999.07.??"]

1. d4 d5 2. c4 c6 3. Nf3 Nf6 4. cxd5 cxd5 5. Nc3 a6 6. Bf4 b5 7. a3 Bb7 8. e3
Nbd7 9. Bd3 e6 10. O-O Be7 11. h3 O-O 12. Qe2 Ne4 13. Rfc1 f5 14. Na2 Nd6 15.
b3 Qb6 16. Rc2 Rfc8 17. Rac1 Rxc2 18. Qxc2 Rc8 19. Qb2 Rxc1+ 20. Qxc1 h6 21.
Ne5 Nxe5 22. Bxe5 Qc6 23. Qxc6 Bxc6 24. Bxd6 Bxd6 25. b4 Kf7 26. f4 g5 27. g3
h5 28. Kf2 h4 29. Kf3 hxg3 30. Kxg3 Kf6 31. Nc3 Be8 32. Be2 Bc7 33. Bf3 Kg6 34.
Ne2 Bd6 35. Nc1 a5 36. Nd3 axb4 37. axb4 gxf4+ 38. exf4 Be7 39. Be2 Bf6 40.
Ne5+ Kh6 41. Bf1 Be7 42. Nd3 Kg7 43. Be2 Kf6 44. Bd1 1/2-1/2

[Event "Open Master"]
[Site "Montpellier"]
[Date "1999.??.??"]
[Round "1"]
[White "Rausis, Igors"]
[Black "Alfonsi, Jean-Francois"]
[Result "1-0"]
[WhiteElo "2508"]
[BlackElo "2170"]
[PlyCount "55"]
[EventDate "1999.07.??"]

1. d4 Nf6 2. Bg5 e6 3. Nd2 Be7 4. e4 d5 5. e5 Nfd7 6. h4 c5 7. c3 Bxg5 8. hxg5
Qxg5 9. Nh3 Qe7 10. Nf4 Nc6 11. Qg4 cxd4 12. cxd4 Nxd4 13. Bd3 f5 14. Qh5+ Qf7
15. Ng6 Rg8 16. Qxh7 Nf8 17. Nxf8 Kxf8 18. f4 g5 19. Qh6+ Ke8 20. fxg5 Bd7 21.
Nf3 Nc6 22. O-O-O Nb4 23. Kb1 Rc8 24. Qf6 Ba4 25. b3 Nxd3 26. Rxd3 Bb5 27. Rd4
Be2 28. Rh7 1-0

[Event "Open Master"]
[Site "Montpellier"]
[Date "1999.??.??"]
[Round "1"]
[White "Relange, Eloi"]
[Black "Therkildsen, Thomas"]
[Result "1-0"]
[WhiteElo "2478"]
[BlackElo "2144"]
[PlyCount "33"]
[EventDate "1999.07.??"]

1. d4 Nf6 2. Nf3 e6 3. c4 c5 4. d5 exd5 5. cxd5 d6 6. Nc3 g6 7. e4 Bg7 8. Be2
O-O 9. O-O a6 10. a4 Re8 11. Nd2 Nbd7 12. f4 c4 13. Bxc4 Qb6+ 14. Kh1 Qd4 15.
Qe2 Nb6 16. Bb3 Ng4 17. a5 {} 1-0

[Event "Open Master"]
[Site "Montpellier"]
[Date "1999.??.??"]
[Round "1"]
[White "Rotstein, Arkadij"]
[Black "Julian, Stephane"]
[Result "0-1"]
[WhiteElo "2169"]
[BlackElo "2493"]
[PlyCount "60"]
[EventDate "1999.07.??"]

1. e4 c5 2. Nf3 e6 3. d3 Nc6 4. g3 d5 5. Nbd2 g6 6. Bg2 Bg7 7. O-O Nf6 8. Qe2
O-O 9. c3 b6 10. Nh4 Ba6 11. e5 Nxe5 12. Qxe5 Ne4 13. Qf4 g5 14. Qf3 Nxd2 15.
Bxd2 gxh4 16. Rad1 Qf6 17. Qe2 Qg6 18. Bc1 hxg3 19. fxg3 Rad8 20. Rf4 e5 21.
Rg4 Qe6 22. Rh4 e4 23. Bg5 Bxd3 24. Qh5 Qg6 25. Bxd8 Rxd8 26. Qxg6 hxg6 27. Bf1
c4 28. Bxd3 cxd3 29. Kf2 f5 30. Rf4 30... Be5 {} 0-1

[Event "Open Master"]
[Site "Montpellier"]
[Date "1999.??.??"]
[Round "1"]
[White "Saleh, Nabil"]
[Black "Deumie, Philippe"]
[Result "0-1"]
[WhiteElo "2267"]
[BlackElo "2070"]
[PlyCount "88"]
[EventDate "1999.07.??"]

1. d4 Nf6 2. c4 c5 3. d5 b5 4. Nf3 g6 5. cxb5 a6 6. Qc2 d6 7. e4 Bg7 8. Nc3 O-O
9. Bg5 Nbd7 10. h3 Qa5 11. Nd2 axb5 12. Bxb5 Ba6 13. a4 Rfb8 14. O-O Qd8 15.
Nc4 Ne8 16. Bxa6 Rxa6 17. Nb5 Rba8 18. a5 Rb8 19. Nba3 Nc7 20. Rab1 Nb5 21. Qa4
Nd4 22. Bd2 Qc8 23. Rfe1 h5 24. Bc3 h4 25. Bxd4 Bxd4 26. Nb5 Bg7 27. b4 cxb4
28. Rxb4 Nc5 29. Qc2 Nd7 30. Qb1 Rxb5 31. Rxb5 Qxc4 32. Rc1 Qd4 33. Rc7 Nc5 34.
Rxe7 Nd3 35. Qd1 Ra8 36. Reb7 Be5 37. Rb8+ Rxb8 38. Rxb8+ Kg7 39. a6 Bg3 40.
Rb1 Nxf2 41. Qe2 Nxe4+ 42. Kh1 Bf2 43. Qd1 Ng3+ 44. Kh2 Qe5 0-1

[Event "Open Master"]
[Site "Montpellier"]
[Date "1999.??.??"]
[Round "1"]
[White "Vermeulen, Bram"]
[Black "Lupu, Smeranda"]
[Result "0-1"]
[WhiteElo "2481"]
[BlackElo "2132"]
[PlyCount "76"]
[EventDate "1999.07.??"]

1. e4 d6 2. d4 g6 3. Nc3 a6 4. Be3 b5 5. a4 b4 6. Nd5 a5 7. c3 c6 8. Nf4 bxc3
9. bxc3 Nf6 10. f3 Bg7 11. Bd3 O-O 12. Rb1 Nbd7 13. Nge2 e5 14. Nh3 d5 15. Nf2
dxe4 16. fxe4 Qc7 17. O-O Bb7 18. Qc1 Rab8 19. Bh6 c5 20. Bxg7 Kxg7 21. d5 c4
22. Bc2 Ba6 23. Qe3 Rxb1 24. Rxb1 Rb8 25. Ng3 Rxb1+ 26. Bxb1 Qb6 27. Qxb6 Nxb6
28. Bc2 Nfd7 29. Nd1 Nc5 30. Nb2 Bc8 31. Nf1 Bd7 32. Nd2 Bxa4 33. Nxa4 Nbxa4
34. Nxc4 f6 35. Nxa5 Nxc3 36. d6 Kf7 37. d7 Ke7 38. Nc4 N3xe4 0-1

[Event "Open Master"]
[Site "Montpellier"]
[Date "1999.??.??"]
[Round "2"]
[White "Abolianin, Arthur"]
[Black "Hamdouchi, Hichem"]
[Result "0-1"]
[WhiteElo "2275"]
[BlackElo "2564"]
[PlyCount "76"]
[EventDate "1999.07.??"]

1. d4 Nf6 2. c4 g6 3. Nc3 Bg7 4. e4 d6 5. f3 O-O 6. Be3 c5 7. Nge2 Nbd7 8. Qd2
a6 9. h4 h5 10. Bh6 cxd4 11. Bxg7 Kxg7 12. Nxd4 Ne5 13. Be2 Bd7 14. Rc1 Qb6 15.
b3 Rfc8 16. Nc2 Qa7 17. Ne3 b5 18. Ncd5 Nxd5 19. cxd5 Rxc1+ 20. Qxc1 Rc8 21.
Qd2 b4 22. Kf2 Rc3 23. Rd1 f5 24. f4 Ng4+ 25. Bxg4 hxg4 26. Qd4+ Qxd4 27. Rxd4
g3+ 28. Kf3 a5 29. Rc4 29... Bb5 {} 30. Rd4 Bd3 31. exf5 gxf5 32. Kxg3 Bb1 33.
Kf2 Bxa2 34. Nxf5+ Kf6 35. g4 Bxb3 36. Ne3 Bc2 37. h5 b3 38. g5+ Kf7 0-1

[Event "Open Master"]
[Site "Montpellier"]
[Date "1999.??.??"]
[Round "2"]
[White "Beikert, Guenther"]
[Black "Pujos, Stephane"]
[Result "1-0"]
[WhiteElo "2440"]
[BlackElo "2249"]
[PlyCount "41"]
[EventDate "1999.07.??"]

1. Nf3 c5 2. c3 Nf6 3. d4 g6 4. dxc5 Bg7 5. b4 O-O 6. Bb2 a5 7. e3 b6 8. cxb6
Qxb6 9. a3 Bb7 10. Be2 Rc8 11. O-O Ne4 12. Qb3 Nc5 13. Qc2 axb4 14. axb4 Rxa1
15. Bxa1 Qa7 16. Nbd2 Na4 17. c4 Nb6 18. Bxg7 Bxf3 19. Bxf3 Kxg7 20. Qb2+ f6
21. Ra1 1-0

[Event "Open Master"]
[Site "Montpellier"]
[Date "1999.??.??"]
[Round "2"]
[White "Betrand, Frederic"]
[Black "Flear, Glenn"]
[Result "0-1"]
[WhiteElo "2249"]
[BlackElo "2484"]
[PlyCount "170"]
[EventDate "1999.07.??"]

1. d4 d5 2. c4 dxc4 3. Nf3 Nf6 4. e3 e6 5. Bxc4 c5 6. O-O a6 7. Bb3 Be7 8. Nc3
b5 9. a3 Bb7 10. Qe2 Nbd7 11. Rd1 O-O 12. Bc2 Qc7 13. e4 cxd4 14. Nxd4 Rac8 15.
f4 e5 16. fxe5 Qxe5 17. Nf3 Qh5 18. Be3 Ne5 19. Nxe5 Qxe5 20. Bd4 Bc5 21. Bxc5
Rxc5 22. Rd2 Re8 23. Rf1 h5 24. h3 Qg5 25. Qf2 Rce5 26. Rd4 R5e7 27. a4 Qc5 28.
axb5 axb5 29. Bb3 Re5 30. Kh1 Qe7 31. Nd5 Bxd5 32. Bxd5 Rd8 33. Rfd1 Kf8 34.
Qf3 {} 34... g6 35. Rf1 Rd6 36. Qc3 Kg8 37. Rd3 Nxd5 38. exd5 Rexd5 39. Rxd5
Rxd5 40. Re1 Qd7 41. Qb4 Rd2 42. Qc3 Rd5 43. Qf6 Rf5 44. Qc3 Kh7 45. Qe3 Qd5
46. Qe2 Kg7 47. Rd1 Qe5 48. Qd2 Kh7 49. Re1 Qg3 50. Kg1 Qc7 51. Qe3 Qc5 52.
Qxc5 Rxc5 53. Re2 Rf5 54. Re4 g5 55. Re3 h4 56. Re2 Kg7 57. Re3 Kf6 58. Rb3 Ke6
59. Rd3 f6 60. Rd2 Ke5 61. Rd3 Ke4 62. Rd1 Rd5 63. Rf1 f5 64. Re1+ Kd3 65. Rc1
b4 66. b3 Ke3 67. Rc4 Rd4 68. Rc5 Rd1+ 69. Kh2 Rf1 70. Rc4 Rf4 71. Rc5 Kd3 72.
Kg1 Ke3 73. Kh2 Kd2 74. Kg1 g4 75. hxg4 fxg4 76. Kh2 Re4 77. Rc6 h3 78. g3 Re2+
79. Kh1 Ke3 80. Rd6 Rb2 81. Rf6 Rxb3 82. Rf4 Rb1+ 83. Kh2 Rb2+ 84. Kh1 b3 85.
Rxg4 Rc2 0-1

[Event "Open Master"]
[Site "Montpellier"]
[Date "1999.??.??"]
[Round "2"]
[White "Blot, Jerome"]
[Black "Rausis, Igors"]
[Result "0-1"]
[WhiteElo "2253"]
[BlackElo "2508"]
[PlyCount "88"]
[EventDate "1999.07.??"]

1. d4 d5 2. Nf3 c6 3. Bf4 Nf6 4. h3 Bf5 5. e3 e6 6. Be2 Qb6 7. Qc1 c5 8. O-O
Nc6 9. dxc5 Bxc5 10. c4 d4 11. b3 Rd8 12. exd4 Nxd4 13. Nxd4 Bxd4 14. Be3 Bxe3
15. fxe3 O-O 16. Nc3 h6 17. Kh1 Rd7 18. Bf3 Rd3 19. e4 Bg6 20. e5 Nd7 21. Re1
Rd8 22. Na4 Qb4 23. Re2 Nf8 24. Qe1 Qe7 25. Qf2 b6 26. c5 bxc5 27. Nxc5 Rd1+
28. Rxd1 Rxd1+ 29. Kh2 Qg5 30. Qe3 Qh4 31. Na4 Rd3 32. Qc1 Bf5 33. Qc4 Rd4 34.
Qc1 Ng6 35. Qe1 Qd8 36. Nb2 Nf4 37. Rf2 Qh4 38. Qe3 Nxh3 39. g3 Qd8 40. Re2 Ng5
41. Bg2 Be4 42. Nc4 Bxg2 43. Rxg2 Rd3 44. Rd2 Rxd2+ 0-1

[Event "Open Master"]
[Site "Montpellier"]
[Date "1999.??.??"]
[Round "2"]
[White "Boudre, Jean-Pierre"]
[Black "Solakian, Jerome"]
[Result "0-1"]
[WhiteElo "2389"]
[BlackElo "2240"]
[PlyCount "67"]
[EventDate "1999.07.??"]

1. e4 e6 2. d4 d5 3. Nc3 Bb4 4. e5 c5 5. a3 Bxc3+ 6. bxc3 Qc7 7. Nf3 b6 8. Bb5+
Bd7 9. Bd3 Ba4 10. Bd2 Ne7 11. h4 Nbc6 12. h5 h6 13. Rh4 c4 14. Bf1 O-O-O 15.
Rf4 Rdf8 16. g3 g5 17. hxg6 Nxg6 18. Rf6 Nce7 19. Nh4 Nxh4 20. gxh4 Ng8 21. Rf3
Qe7 22. Qb1 Kb7 23. Rg3 f5 24. Bg2 Rf7 25. h5 Rg7 26. Bf3 Rxg3 27. fxg3 Rh7 28.
Bf4 Rf7 29. Ke2 a5 30. Qf1 Ka6 31. Qf2 Qd7 32. Qe3 Qb5 33. Bxh6 Nxh6 34. Qxh6
0-1

[Event "Open Master"]
[Site "Montpellier"]
[Date "1999.??.??"]
[Round "2"]
[White "Claesen, Jeroen"]
[Black "Relange, Eloi"]
[Result "1/2-1/2"]
[WhiteElo "2318"]
[BlackElo "2478"]
[PlyCount "117"]
[EventDate "1999.07.??"]

1. e4 c5 2. Nc3 Nc6 3. g3 g6 4. Bg2 Bg7 5. d3 e6 6. Be3 d6 7. f4 Nge7 8. Nf3
O-O 9. O-O b6 10. Bf2 Ba6 11. Re1 Qd7 12. Qd2 Nd4 13. e5 Bb7 14. Bxd4 cxd4 15.
Ne4 dxe5 16. fxe5 Nf5 17. Nf6+ Bxf6 18. exf6 Qd8 19. Ne5 Bxg2 20. Qxg2 Rc8 21.
Re2 Rc5 22. g4 Ne3 23. Qe4 Qd5 24. Qxd5 Rxd5 25. Nc6 Rc5 26. Nxd4 Nxg4 27. Rf1
Rd5 28. Nc6 Rc5 29. Nd4 h5 30. b4 Rg5 31. h4 Re5 32. Rxe5 Nxe5 33. b5 Rd8 34.
c3 Kf8 35. Rd1 Ng4 36. Nc6 Rd7 37. a4 Nxf6 38. d4 Nd5 39. Rc1 f6 40. a5 Ne7 41.
axb6 axb6 42. c4 Nxc6 43. bxc6 Rc7 44. d5 exd5 45. cxd5 Ke7 46. Rb1 Kd6 47. Rb5
f5 48. Kf2 Re7 49. Rxb6 Kxd5 50. c7 Rxc7 51. Rxg6 Ke4 52. Rg5 Rh7 53. Kg2 f4
54. Ra5 Rd7 55. Rxh5 Rd2+ 56. Kg1 Kf3 57. Ra5 Rg2+ 58. Kf1 Rh2 59. Ra3+ 1/2-1/2

[Event "Open Master"]
[Site "Montpellier"]
[Date "1999.??.??"]
[Round "2"]
[White "Lupu, Smeranda"]
[Black "Maes, Wim"]
[Result "1-0"]
[WhiteElo "2481"]
[BlackElo "2250"]
[PlyCount "135"]
[EventDate "1999.07.??"]

1. c4 g6 2. g3 Bg7 3. Bg2 Nf6 4. Nc3 d6 5. b4 O-O 6. Rb1 e5 7. d3 h6 8. Nf3 Nc6
9. O-O Be6 10. b5 Ne7 11. Nd2 Qc8 12. e4 Nd7 13. Nd5 Bxd5 14. cxd5 Nc5 15. Nc4
b6 16. f4 f6 17. Be3 Qd7 18. Rf2 a6 19. a4 axb5 20. axb5 Ra7 21. Bf3 Rfa8 22.
fxe5 fxe5 23. Bg4 Qd8 24. Bxc5 bxc5 25. Be6+ Kh7 26. Rf7 Ng8 27. b6 cxb6 28.
Rxa7 Rxa7 29. Bxg8+ Kxg8 30. Rxb6 Bf8 31. Qg4 Kh7 32. Kg2 Qf6 33. Rb2 Rf7 34.
Qe2 h5 35. Rb1 Bh6 36. h4 Bf8 37. Nd2 Bh6 38. Rf1 Qe7 39. Rxf7+ Qxf7 40. Nc4
Bf8 41. Na5 Qc7 42. Nc6 Kg7 43. g4 hxg4 44. Qxg4 Kh7 45. Qg5 Qd7 46. Kg3 Qf7
47. Kg2 Qd7 48. Qg3 Bh6 49. Qf3 Bf4 50. Qh3 Qxh3+ 51. Kxh3 Bh6 52. Kg4 Bf8 53.
h5 Kg7 54. Kg5 gxh5 55. Kxh5 Kf6 56. Na5 Bg7 57. Nc4 Bf8 58. Ne3 Be7 59. Nf5
Bd8 60. Nxd6 Ba5 61. Nc4 Bc3 62. Ne3 Bd4 63. Ng4+ Ke7 64. Kg6 Kd7 65. Kf6 Kd6
66. Kf5 c4 67. dxc4 Ba1 68. Nxe5 1-0

[Event "Open Master"]
[Site "Montpellier"]
[Date "1999.??.??"]
[Round "2"]
[White "Magerramov, Elmar"]
[Black "Cruz-Lopez, Carlos"]
[Result "1-0"]
[WhiteElo "2563"]
[BlackElo "2302"]
[PlyCount "54"]
[EventDate "1999.07.??"]

1. d4 d5 2. Nf3 Nf6 3. c4 c6 4. Qc2 dxc4 5. Qxc4 Bf5 6. g3 e6 7. Bg2 Nbd7 8.
O-O Be7 9. Nc3 O-O 10. e3 Ne4 11. Nd2 Nxd2 12. Bxd2 e5 13. e4 exd4 14. exf5
dxc3 15. Qxc3 Bf6 16. Qc2 Qb6 17. Be3 Bd4 18. Rad1 Bxe3 19. Rxd7 Bd4 20. Rd1
Bf6 21. Bf1 Rad8 22. Bc4 c5 23. Bxf7+ Kh8 24. Rxd8 Rxd8 25. Rxd8+ Qxd8 26. Qxc5
Qd4 27. Qc2 Qd7 1-0

[Event "Open Master"]
[Site "Montpellier"]
[Date "1999.??.??"]
[Round "2"]
[White "Milliet, Sophie"]
[Black "Marteau, Yann"]
[Result "1-0"]
[WhiteElo "1920"]
[BlackElo "2317"]
[PlyCount "121"]
[EventDate "1999.07.??"]

1. e4 e6 2. d4 d5 3. Be3 Nf6 4. Nd2 c5 5. dxc5 Nc6 6. Bd3 e5 7. Ngf3 h6 8. exd5
Nxd5 9. Qe2 Be7 10. Bb5 Bg4 11. O-O-O Qc7 12. h3 Be6 13. Kb1 a6 14. Ba4 Qa5 15.
Bxc6+ bxc6 16. Nb3 Qa4 17. Nfd2 Rb8 18. Rhe1 a5 19. Qa6 Bd8 20. a3 O-O 21. Qd3
Qh4 22. Nf3 Qe7 23. Nxe5 Qb7 24. Nc4 a4 25. Nbd2 Bf6 26. Bd4 Nf4 27. Qc3 Bg5
28. Nd6 Qa6 29. g3 29... Ne2 {} 30. Rxe2 Qxe2 31. Kc1 Bxd2+ 32. Rxd2 Qe1+ 33.
Rd1 Qxc3 34. Bxc3 Bxh3 35. g4 Bg2 36. Nf5 f6 37. Rd2 Rf7 38. Rd6 Bd5 39. Ne3
Be4 40. Rd4 Bf3 41. Rxa4 Rd8 42. Rf4 Be2 43. b3 h5 44. gxh5 Bxh5 45. Kb2 Re7
46. Nf5 Rf7 47. a4 Rd5 48. b4 Kh7 49. Ne3 Rd8 50. b5 cxb5 51. axb5 Rb7 52. Rb4
Rdb8 53. b6 Bf3 54. Nc4 Rd7 55. Na5 Rd5 56. Bd4 Kg6 57. Kb3 Kf7 58. b7 g5 59.
Nc6 Rxd4 60. Nxd4 Bd5+ 61. c4 1-0

[Event "Open Master"]
[Site "Montpellier"]
[Date "1999.??.??"]
[Round "2"]
[White "Montheard, Xavier"]
[Black "Degraeve, Jean-Marc"]
[Result "0-1"]
[WhiteElo "2255"]
[BlackElo "2540"]
[PlyCount "52"]
[EventDate "1999.07.??"]

1. e4 c5 2. Nf3 Nc6 3. Bb5 g6 4. Bxc6 bxc6 5. O-O Bg7 6. Re1 Nh6 7. d4 cxd4 8.
Nxd4 O-O 9. e5 c5 10. Nb3 d6 11. Nc3 Nf5 12. Bf4 Bb7 13. Qe2 Qb6 14. Rad1 Qb4
15. Qd2 dxe5 16. Rxe5 Bxe5 17. Bxe5 Qg4 18. Nd5 Bxd5 19. Qxd5 Nd4 20. f3 Qe6
21. Rxd4 cxd4 22. Qxe6 fxe6 23. Nxd4 Rfd8 24. c4 Rac8 25. Nxe6 Rd1+ 26. Kf2
Rxc4 0-1

[Event "Open Master"]
[Site "Montpellier"]
[Date "1999.??.??"]
[Round "2"]
[White "Rotstein, Arkadij"]
[Black "Philippe, Christophe"]
[Result "1-0"]
[WhiteElo "2493"]
[BlackElo "2254"]
[PlyCount "69"]
[EventDate "1999.07.??"]

1. b3 e5 2. Bb2 Nc6 3. c4 g6 4. g3 Bg7 5. Bg2 Nge7 6. Nc3 O-O 7. d3 d6 8. e3
Be6 9. Nd5 Rb8 10. Ne2 Qd7 11. Qd2 a6 12. O-O b5 13. Rac1 b4 14. d4 a5 15. Rfd1
exd4 16. Nxd4 Nxd4 17. Bxd4 {} 17... Bxd4 18. Qxd4 Bxd5 19. cxd5 Rb7 20. Rc4
f5 21. Rdc1 g5 22. h4 g4 23. h5 h6 24. Qf4 Kg7 25. e4 Ng8 26. e5 Ne7 27. Rc6
Nc8 28. e6 Qe7 29. Qc4 Nb6 30. Qa6 Rfb8 31. Qxa5 Na8 32. Ra6 Rb5 33. Qa4 Qe8
34. Ra7 Kf6 35. Rc6 1-0

[Event "Open Master"]
[Site "Montpellier"]
[Date "1999.??.??"]
[Round "3"]
[White "Bellaiche, Anthony"]
[Black "Montheard, Xavier"]
[Result "1-0"]
[WhiteElo "2099"]
[BlackElo "2241"]
[PlyCount "59"]
[EventDate "1999.07.??"]

1. c4 e5 2. Nc3 Bb4 3. g3 Bxc3 4. dxc3 d6 5. Bg2 Ne7 6. e4 O-O 7. Nf3 Nbc6 8.
O-O Be6 9. Qe2 f6 10. Rd1 Qe8 11. Nd2 Qf7 12. b3 a5 13. a4 Kh8 14. Nf1 f5 15.
exf5 Nxf5 16. Ne3 Nh6 17. Bd5 Bxd5 18. Nxd5 Nf5 19. Ra2 e4 20. Qxe4 Rae8 21.
Qg2 Ne5 22. h3 g5 23. Ne3 Ng7 24. Kh1 Nf3 25. Ng4 Ne1 26. Qxb7 Nf5 27. Kh2 h5
28. Ne3 Nf3+ 29. Qxf3 g4 30. Qxf5 1-0